Global office highlights (Record no. 83964)
[ view plain ]
| 000 -LEADER | |
|---|---|
| fixed length control field | 01521cad a22002175a 4500 |
| 001 - CONTROL NUMBER | |
| control field | L156198 |
| 008 - FIXED-LENGTH DATA ELEMENTS--GENERAL INFORMATION | |
| fixed length control field | 120503s2012 xxk 000 0 eng d |
| 035 ## - SYSTEM CONTROL NUMBER | |
| System control number | (Sirsi) u156198 |
| 041 0# - LANGUAGE CODE | |
| Language code of text/sound track or separate title | eng |
| 110 2# - MAIN ENTRY--CORPORATE NAME | |
| Corporate name or jurisdiction name as entry element | Colliers International |
| 9 (RLIN) | 5548 |
| 245 00 - TITLE STATEMENT | |
| Title | Global office highlights |
| Remainder of title | H2 2011 |
| Medium | [electronic resource] |
| 260 ## - PUBLICATION, DISTRIBUTION, ETC. | |
| Place of publication, distribution, etc. | Seattle |
| Name of publisher, distributor, etc. | Colliers International |
| Date of publication, distribution, etc. | 2012 |
| 490 #0 - SERIES STATEMENT | |
| Series statement | Colliers International Global Office Highlights |
| Volume/sequential designation | H2 2011 |
| 520 ## - SUMMARY, ETC. | |
| Summary, etc. | Global office vacancies will continue their decline due to steady demand and low levels of new construction in North America and Europe. The "flight to quality trend" remains in many major markets with occupiers trading up to better space and locations. The Eurozone will be pushed by the European debt crisis into a mild recession in early 2012. Continued modest demand for office space is expected with most cities seeing a drop in vacancy rates. Latin America boasts some of the tightest office markets and select Asia Pacific markets will see big vacancy drops. EMEA and Asia Pacific lead global office space under construction. |
| 520 ## - SUMMARY, ETC. | |
| Summary, etc. | Global capitalisation rates/prime yields: 10 lowest cities - Global office occupancy costs: top 10 cities - data tables covering CBD rents by city within regions: Asia Pacific; EMEA; Latin America; North America. |
| 590 ## - LOCAL NOTE (RLIN) | |
| Local note | KA |
| 651 #4 - SUBJECT ADDED ENTRY--GEOGRAPHIC NAME | |
| Geographic name | International |
| 690 ## - LOCAL SUBJECT ADDED ENTRY--TOPICAL TERM (OCLC, RLIN) | |
| Topical term or geographic name as entry element | Commercial property |
| 9 (RLIN) | 6227 |
| 856 40 - ELECTRONIC LOCATION AND ACCESS | |
| Uniform Resource Identifier | <a href="https://dsg.colliers.com/document.aspx?report=2721.PDF">https://dsg.colliers.com/document.aspx?report=2721.PDF</a> |
| Public note | View the report at dsg.colliers.com |
| 942 ## - ADDED ENTRY ELEMENTS (KOHA) | |
| Suppress in OPAC | 0 |
| Withdrawn status | Lost status | Source of classification or shelving scheme | Damaged status | Not for loan | Home library | Current library | Shelving location | Date acquired | Total Checkouts | Full call number | Barcode | Date last seen | Copy number | Price effective from | Koha item type |
|---|---|---|---|---|---|---|---|---|---|---|---|---|---|---|---|
| Dewey Decimal Classification | Virtual | Virtual | Online | 03/05/2012 | ONLINE PUBLICATION | 156198-2001 | 06/08/2019 | 1 | 06/08/2019 | Book |